La géographie: pourquoi, comment?: objets et démarches de la géographie d'aujourd'hui

Αποθηκεύτηκε σε:
Λεπτομέρειες βιβλιογραφικής εγγραφής
Κύριοι συγγραφείς: Beucher, Stéphanie (Συγγραφέας), Reghezza, Magali (Συγγραφέας)
Μορφή: Βιβλίο
Γλώσσα:Ισπανικά
Έκδοση: París Hatier 2005
Σειρά:Initial
Θέματα:
Ετικέτες: Προσθήκη ετικέτας
Δεν υπάρχουν, Καταχωρήστε ετικέτα πρώτοι!

MARC

LEADER 00000nam a2200000 a 4500
001 UCI8723
003 CL-VaPUC
008 080925e20050000FR |||||||||||||||||spa|d
020 |a 2218746581 
082 0 4 |a 910  |b BEU  |2 21 
100 0 |a Beucher, Stéphanie  |e author  |9 532297 
700 0 |a Reghezza, Magali  |e author  |9 532298 
245 1 3 |a La géographie: pourquoi, comment?: objets et démarches de la géographie d'aujourd'hui 
300 |a 287 p 
942 |c BK 
945 |d 20080925 00:00:00  |a rbrito 
260 |a París  |b Hatier  |c 2005 
650 0 |a Geografía  |9 259346 
583 |a last modification  |c 20080925 00:00:00  |k Rodrigo Vera 
490 0 |a Initial 
999 |c 331517  |d 331515 
952 |0 0  |1 0  |4 0  |6 910_000000000000000_BEU_2005  |7 0  |8 A  |9 418241  |a BIBING  |b BIBING  |d 2019-11-22  |i 4483960  |l 1  |o 910 BEU 2005  |p 4483960  |r 2025-01-20  |s 2023-06-28  |w 2019-11-22  |y BK  |k GEO